Das verwirrte Europa. (Record no. 13328)
[ view plain ]
| 000 -LEADER | |
|---|---|
| fixed length control field | 01097cam a22002411 4500 |
| 001 - CONTROL NUMBER | |
| control field | ca 05001117 |
| 003 - CONTROL NUMBER IDENTIFIER | |
| control field | DLC |
| 005 - DATE AND TIME OF LATEST TRANSACTION | |
| control field | 20260227111041.0 |
| 008 - FIXED-LENGTH DATA ELEMENTS--GENERAL INFORMATION | |
| fixed length control field | 790309m16771683ne cef 000 0 ger |
| 010 ## - LIBRARY OF CONGRESS CONTROL NUMBER | |
| LC control number | ca 05001117 |
| 035 ## - SYSTEM CONTROL NUMBER | |
| System control number | (OCoLC)4727680 |
| 040 ## - CATALOGING SOURCE | |
| Original cataloging agency | DLC |
| Transcribing agency | CtU |
| Modifying agency | DLC |
| 042 ## - AUTHENTICATION CODE | |
| Authentication code | premarc |
| 043 ## - GEOGRAPHIC AREA CODE | |
| Geographic area code | e------ |
| -- | e-ne--- |
| 050 00 - LIBRARY OF CONGRESS CALL NUMBER | |
| Classification number | DJ181 |
| Item number | .V11 |
| 100 1# - MAIN ENTRY--PERSONAL NAME | |
| Personal name | Valckenier, Pieter, |
| Dates associated with a name | 1638-1712. |
| 245 14 - TITLE STATEMENT | |
| Title | Das verwirrte Europa. |
| Remainder of title | Oder, Politische und historische Beschreibung, der in Europa, fůrnehmlich in dem Vereinigten Niederlande, und in dessen Nachbarschafft, seither dem Jahre 1664. entstandenen, und durch die gesuchte allgemeine Monarchie der Frantzosen, verursachten blutigen Kriegen, und leidigen Empo̊rungen, nebenst deroselben Ursachen und Grůnden ... Durch Hrn. Petrus Valckenier. |
| 260 ## - PUBLICATION, DISTRIBUTION, ETC. | |
| Place of publication, distribution, etc. | Amsterdam, |
| Name of publisher, distributor, etc. | J. von Meurs, J. von Someren, H. und D. Boom, |
| Date of publication, distribution, etc. | 1677-83. |
| 300 ## - PHYSICAL DESCRIPTION | |
| Extent | 3 v. |
| Other physical details | fold. plates, ports., fold. plans. |
| Dimensions | 32 cm. |
| 651 #0 - SUBJECT ADDED ENTRY--GEOGRAPHIC NAME | |
| Geographic name | Europe |
| General subdivision | History |
| Chronological subdivision | 1648-1789. |
| 651 #0 - SUBJECT ADDED ENTRY--GEOGRAPHIC NAME | |
| Geographic name | Netherlands |
| General subdivision | History |
| Chronological subdivision | 1648-1714. |
| 700 1# - ADDED ENTRY--PERSONAL NAME | |
| Personal name | Muller, Andreas, |
| Titles and other words associated with a name | Secretarius. |
No items available.